Ingreso igualitario al poder judicial (Registro nro. 25245)

Detalles MARC
000 -LEADER
fixed length control field 00352 a2200109 4500
001 - CONTROL NUMBER
control field ART_22584
005 - DATE AND TIME OF LATEST TRANSACTION
control field 20260410161854.0
008 - FIXED-LENGTH DATA ELEMENTS--GENERAL INFORMATION
fixed length control field 260409a
100 1# - MAIN ENTRY--PERSONAL NAME
Personal name Caramelo, Gustavo
245 10 - TITLE STATEMENT
Title Ingreso igualitario al poder judicial
773 0# - HOST ITEM ENTRY
Title Derecho público
Related parts Democratización de la justicia - Año II, Nº 5 (jun. 2013)
Record control number REV10451

No hay ítems disponibles.